Statistiques concernant Les différents types de couvre chef

Cliquez ici pour prendre le quiz!

Statistiques générales

  • Ce quiz a été pris 53 fois
  • Le résultat moyen est 6 sur 15

Statistiques - réponses

HintRéponse% Correct
pcasque
94%
PChapeau
94%
pcasquette
91%
pbonnet
79%
ppberet
70%
pbob
38%
pchapka
30%
pvoile
30%
pkippa
26%
ptoque
15%
pTurban
13%
pbassinet
0%
pchapel
0%
pchaperon
0%
pphaute
0%

Distribution des résultats

Percentile par nombre de réponses

% des personnes avec chaque résultat

Votre développement - résultats

Vous n’avez pas pris ce quiz